| 000 | 00727nam a2200229 a 4500 | ||
|---|---|---|---|
| 005 | 20200104041505.0 | ||
| 008 | 140113s1996 ck gr|||| 00| 0 spa d | ||
| 020 | _a9589061869 | ||
| 040 |
_aCO-BoIAVH _cCO-BoIAVH |
||
| 041 | 0 | _aspa | |
| 044 | _ack | ||
| 082 | 0 | 4 |
_a338.9 _bG16g |
| 110 | 2 | _aEcoFondo | |
| 245 | 0 | 3 |
_aLa gallina de los huevos de oro : _bdebate sobre el concepto de desarrollo sostenible/ _cEcoFondo , CEREC. |
| 260 |
_aBogotá : _bCEREC : _bECOFONDO, _c1996. |
||
| 300 |
_a135 páginas ; _c22 x 14 cm. |
||
| 650 | 6 | _aDesarrollo sostenible | |
| 650 | 6 | _aPolítica ambiental | |
| 650 | 6 | _aConservación de biodiversidad | |
| 650 | 6 | _aTeoría general de sistemas | |
| 942 |
_cLIBRO _2ddc |
||
| 999 |
_c49 _d49 |
||